• 首页
  • 本馆介绍
  • 公告通知
  • 最新文献
  • 馆藏检索
  • 电子资源
  • 读者导购
  • 参考咨询
  • 我的图书馆
  • 登录
  • 详细信息显示
  • 放入我的书架
  • 预约/预借图书
  • 作者相关作品
  • 分类相关作品
  • 丛书相关作品
  • 出版社相关作品

书目信息

  • 表格格式
  • 工作单格式
  • 卡片格式
题名:
逻辑代数与电子计算机简介
    
 
作者: 湖南黔阳师专 编
分册:  
出版信息: 不详   不详  1983
页数: 225页
开本: 19cm
丛书名:
单 册:
中图分类: O153.2
科图分类:
主题词: 电子计算机--师范大学--教材 , 布尔代数--师范大学--教材
电子资源:
ISBN:
000 00685nam0 2200217 45
001 0185010173
005 20060818163247.78
100    @a19900904d1983 em y0chiy0121 ea
101 0  @achi
105    @ay z 000yy
200 10 @a逻辑代数与电子计算机简介@Aluo ji dai shu yu dian zi ji suan ji jian jie@f湖南黔阳师专等编@Fhu nan qian yang shi zhuan deng bian
210    @a不详@c不详@d1983
215    @a225页@d19cm
606    @a电子计算机@x师范大学@x教材
606    @a布尔代数@x师范大学@x教材
610 0  @a逻辑代数
690    @aO153.2@v3
701  0 @a湖南黔阳师专@Ahu nan qian yang shi zhuan@4编
801  0 @aCN@b深圳图书馆@c20060818
801  2 @aCN@bNLC@c20060724
905    @dO153.2@e32
    
    逻辑代数与电子计算机简介/湖南黔阳师专等编.-不详:不详,1983
    225页;19cm
    
    
    ISBN :
    
●
相关链接 在E读中查询图书 在五车中查询图书 在当当中查询图书 在豆瓣中查询图书


正题名:逻辑代数与电子计算机简介     索取号:O153.2/32         预约/预借

序号 登录号 条形码 馆藏地/架位号 状态 备注
1 0431215   204312154   密集书库/ [索取号:O153.2/32] 在馆    
2 0431216   204312163   密集书库/ [索取号:O153.2/32] 在馆    
3 0431217   204312172   密集书库/ [索取号:O153.2/32] 在馆    
4 0431218   204312181   密集书库/ [索取号:O153.2/32] 在馆    
5 0431219   204312190   密集书库/ [索取号:O153.2/32] 在馆    
6 0468732   204687320   密集书库/ [索取号:O153.2/32] 在馆    
唐山师范学院图书馆 欢迎您!
大连网信软件有限公司© 版权所有